[Event "Madrid Chamartin op 6th"]
[Site "Madrid"]
[Date "2017.09.08"]
[Round "7"]
[White "Delgado Alarcon, Jesus Francisco"]
[Black "Garcia Galeote, Lorenzo"]
[Result "1-0"]
[WhiteElo "2094"]
[BlackElo "1989"]
[PlyCount "73"]
[EventDate "2017.09.04"]
[EventType "swiss"]
[EventRounds "9"]
[EventCountry "ESP"]
[SourceTitle "CBM 180 Extra"]
[Source "ChessBase"]
[SourceDate "2017.10.06"]
[SourceVersion "1"]
[SourceVersionDate "2017.10.06"]
[SourceQuality "1"]

1. d4 Nc6 2. e3 e5 3. d5 Nce7 4. c4 Ng6 5. Nc3 Bb4 6. Bd2 Nf6 7. Bd3 c6 8. Nge2 0-0 9. 0-0 cxd5 10. cxd5 a6 11. Qb3 Bc5 12. Rac1 d6 13. Ng3 b5 14. Nce4 Qe7 15. Nxf6+ Qxf6 16. Ne4 Qe7 17. Qc2 Nh4 18. f4 exf4 19. Rxf4 Ng6 20. Rf2 Ne5 21. Nxc5 dxc5 22. Bxh7+ Kh8 23. Bf5 Nc4 24. e4 Nxd2 25. Qxd2 Bxf5 26. exf5 Rfd8 27. f6 Qe5 28. fxg7+ Kxg7 29. Rxc5 Rac8 30. Rxc8 Rxc8 31. Rf3 f6 32. h3 Rc4 33. d6 Qd4+ 34. Rf2 Qc5 35. d7 Rc1+ 36. Kh2 Qe5+ 37. g3 1-0

[Event "Madrid Chamartin op 6th"]
[Site "Madrid"]
[Date "2017.09.06"]
[Round "4"]
[White "Delgado Alarcon, Jesus Francisco"]
[Black "Moreno Ibanez, Miguel"]
[Result "1/2-1/2"]
[WhiteElo "2094"]
[BlackElo "2289"]
[PlyCount "106"]
[EventDate "2017.09.04"]
[EventType "swiss"]
[EventRounds "9"]
[EventCountry "ESP"]
[SourceTitle "CBM 180 Extra"]
[Source "ChessBase"]
[SourceDate "2017.10.06"]
[SourceVersion "1"]
[SourceVersionDate "2017.10.06"]
[SourceQuality "1"]

1. d4 Nf6 2. c3 g6 3. e3 Bg7 4. f4 0-0 5. Nf3 d6 6. Bc4 Nc6 7. 0-0 Bf5 8. Nbd2 e5 9. b4 Ng4 10. Nb3 exf4 11. exf4 Re8 12. h3 Nf6 13. Ng5 d5 14. Bd3 Ne7 15. Qc2 Bxd3 16. Qxd3 Nf5 17. Bd2 Ne4 18. Nc5 Nfd6 19. Rae1 Nxg5 20. fxg5 Rxe1 21. Rxe1 b6 22. Nb3 Ne4 23. Qb5 Qd6 24. Rf1 a6 25. Qd3 Qc6 26. Rc1 Qc4 27. Qf3 Rf8 28. Bf4 f6 29. Nd2 Nxd2 30. Bxd2 fxg5 31. Qe3 h6 32. a3 Kh7 33. Re1 Qa2 34. Re2 Qb1+ 35. Be1 Rf4 36. Kh2 Qf5 37. Bg3 Re4 38. Qd3 Rxe2 39. Qxe2 b5 40. Bxc7 h5 41. g4 hxg4 42. hxg4 Qb1 43. Qe7 Qc2+ 44. Kh1 Qd1+ 45. Kh2 Kh6 46. Be5 Qe2+ 47. Kh1 Qf1+ 48. Kh2 Bf8 49. Qe6 Qf2+ 50. Kh1 Qf1+ 51. Kh2 Qf2+ 52. Kh1 Qf1+ 53. Kh2 Qf2+ 1/2-1/2

[Event "Madrid Chamartin op 6th"]
[Site "Madrid"]
[Date "2017.09.04"]
[Round "1"]
[White "Delgado Alarcon, Jesus Francisco"]
[Black "Juzgado Niella, Angel Luis"]
[Result "1-0"]
[WhiteElo "2094"]
[BlackElo "1620"]
[PlyCount "55"]
[EventDate "2017.09.04"]
[EventType "swiss"]
[EventRounds "9"]
[EventCountry "ESP"]
[SourceTitle "CBM 180 Extra"]
[Source "ChessBase"]
[SourceDate "2017.10.06"]
[SourceVersion "1"]
[SourceVersionDate "2017.10.06"]
[SourceQuality "1"]

1. d4 d5 2. c3 Nf6 3. f4 e6 4. Nf3 Nbd7 5. e3 c6 6. Nbd2 Bd6 7. Bd3 b6 8. 0-0 Bb7 9. Ne5 c5 10. Qf3 Qc7 11. g4 g6 12. g5 Nh5 13. Bb5 Bxe5 14. fxe5 Rf8 15. Qe2 0-0-0 16. b3 Ng7 17. a4 Nxe5 18. dxe5 Qxe5 19. Nf3 Qe4 20. a5 Qg4+ 21. Kh1 d4 22. cxd4 Qxg5 23. axb6 axb6 24. Ba6 Qd5 25. e4 Qd6 26. Bh6 Rg8 27. Bxb7+ Kxb7 28. Qa6+ 1-0

[Event "ESP-ch rapid"]
[Site "Linares"]
[Date "2017.08.13"]
[Round "3"]
[White "Delgado Alarcon, Jesus Francisco"]
[Black "Almagro Llamas, Pablo"]
[Result "0-1"]
[WhiteElo "2026"]
[BlackElo "2466"]
[PlyCount "114"]
[EventDate "2017.08.13"]
[EventType "swiss (rapid)"]
[EventRounds "9"]
[EventCountry "ESP"]
[SourceTitle "CBM 179 Extra"]
[Source "ChessBase"]
[SourceDate "2017.08.23"]
[SourceVersion "1"]
[SourceVersionDate "2017.08.23"]
[SourceQuality "1"]

1. d4 Nf6 2. c4 e6 3. Nc3 Bb4 4. Bd2 0-0 5. a3 Bxc3 6. Bxc3 b6 7. f3 d5 8. e3 Ba6 9. b3 c5 10. Bd3 Nbd7 11. Ne2 Rc8 12. Rc1 dxc4 13. bxc4 cxd4 14. Bxd4 Nc5 15. Bb1 Qe7 16. 0-0 Rfd8 17. f4 Bb7 18. Ng3 Bc6 19. Nh5 Nxh5 20. Qxh5 Be4 21. Bxc5 Rxc5 22. Qe2 Bxb1 23. Rxb1 Rdc8 24. Rb4 Qc7 25. Rd1 g6 26. Rd4 e5 27. fxe5 Qxe5 28. Qf3 R8c7 29. h3 Re7 30. Rb3 Qe6 31. Qf4 Re5 32. Rd8+ Re8 33. Rxe8+ Qxe8 34. Rd3 Qe7 35. Qd4 h5 36. Kf2 Kh7 37. Ke2 Qg5 38. g4 Qe7 39. Kf3 hxg4+ 40. hxg4 Ra5 41. Rd2 Qb7+ 42. Kg3 Qc7+ 43. Kg2 Rxa3 44. Kg1 Qg3+ 45. Kh1 Qf3+ 46. Rg2 Rxe3 47. Kg1 Re1+ 48. Kh2 Re2 49. Rxe2 Qxe2+ 50. Kg3 Qe1+ 51. Kf3 Qe7 52. Qd5 Kg8 53. Kf4 Qf6+ 54. Kg3 a5 55. Kg2 Kg7 56. g5 Qb2+ 57. Kf3 a4 0-1

[Event "ESP-chT CECLUB Div2"]
[Site "Linares"]
[Date "2017.08.10"]
[Round "4.4"]
[White "Bellon Lopez, Juan Manuel"]
[Black "Delgado Alarcon, Jesus Francisco"]
[Result "1-0"]
[WhiteElo "2319"]
[BlackElo "2026"]
[PlyCount "49"]
[EventDate "2017.08.08"]
[EventType "team"]
[EventRounds "7"]
[EventCountry "ESP"]
[SourceTitle "CBM 179 Extra"]
[Source "ChessBase"]
[SourceDate "2017.08.23"]
[SourceVersion "1"]
[SourceVersionDate "2017.08.23"]
[SourceQuality "1"]
[WhiteTeam "Villa de Teror Goya"]
[BlackTeam "Albacete Excalibur"]
[WhiteTeamCountry "ESP"]
[BlackTeamCountry "ESP"]

1. d4 f5 2. Bf4 d5 3. e3 Nf6 4. Nf3 e6 5. c4 c6 6. Nc3 Be7 7. Bd3 0-0 8. Qc2 Ne4 9. g4 Na6 10. a3 Qa5 11. Ke2 Nxc3+ 12. bxc3 Nc7 13. Ne5 Ne8 14. Rhg1 Nf6 15. gxf5 exf5 16. Bxf5 dxc4 17. Bxh7+ Nxh7 18. Rxg7+ Kxg7 19. Rg1+ Bg5 20. Qg6+ Kh8 21. Bxg5 Qc7 22. Bf6+ Nxf6 23. Qh6+ Nh7 24. Ng6+ Kg8 25. Nxf8+ 1-0

[Event "Almansa op-A 12th"]
[Site "Almansa"]
[Date "2017.08.04"]
[Round "7"]
[White "Delgado Alarcon, Jesus Francisco"]
[Black "Villar Reymundo, Juan Antonio"]
[Result "1/2-1/2"]
[WhiteElo "2026"]
[BlackElo "2215"]
[PlyCount "90"]
[EventDate "2017.08.01"]
[EventType "swiss"]
[EventRounds "9"]
[EventCountry "ESP"]
[SourceTitle "CBM 179 Extra"]
[Source "ChessBase"]
[SourceDate "2017.08.23"]
[SourceVersion "1"]
[SourceVersionDate "2017.08.23"]
[SourceQuality "1"]

1. d4 Nf6 2. e3 g6 3. f4 Bg7 4. Nf3 d6 5. c3 0-0 6. Bc4 c5 7. 0-0 Nc6 8. a3 Qb6 9. Nbd2 cxd4 10. exd4 e5 11. Qb3 Qxb3 12. Nxb3 e4 13. Ne1 d5 14. Be2 Ne8 15. Nc2 f5 16. Nb4 Ne7 17. Be3 Nd6 18. Nd2 Be6 19. Rac1 a5 20. Nc2 Rfc8 21. h3 Bd7 22. g3 Bb5 23. Kf2 Bc4 24. Nxc4 Nxc4 25. Bxc4 Rxc4 26. Bd2 b5 27. Ne3 Rc7 28. Rfd1 Kf7 29. Be1 Ke6 30. b3 Rd7 31. a4 Rb8 32. Ra1 bxa4 33. Rxa4 Rxb3 34. Rxa5 Rdb7 35. Ra6+ R7b6 36. Ra7 Rb7 37. Ra6+ R3b6 38. Rda1 Bf6 39. Bd2 Nc8 40. Ke2 Ne7 41. Bc1 Nc6 42. Kd2 Be7 43. Nc2 g5 44. Ke2 h6 45. Ra8 Rb8 1/2-1/2

[Event "ESP-ch Universities"]
[Site "Badajoz"]
[Date "2013.04.17"]
[Round "1"]
[White "Camacho Collados, Marcos"]
[Black "Delgado Alarcon, Jesus Francisco"]
[Result "1-0"]
[WhiteElo "2425"]
[BlackElo "2060"]
[PlyCount "33"]
[EventDate "2013.04.17"]
[EventType "swiss"]
[EventRounds "9"]
[EventCountry "ESP"]
[SourceTitle "CBM 154 Extra"]
[Source "ChessBase"]
[SourceDate "2013.06.25"]
[SourceVersion "2"]
[SourceVersionDate "2013.06.25"]
[SourceQuality "1"]

1. e4 e6 2. d3 d5 3. Nd2 Nf6 4. Ngf3 c5 5. g3 Nc6 6. Bg2 Bd6 7. 0-0 0-0 8. Nh4 g5 9. Nhf3 h6 10. Re1 Nh7 11. e5 Bc7 12. a3 f6 13. exf6 Qxf6 14. Qe2 g4 15. Nh4 Nd4 16. Qxg4+ Ng5 17. Rf1 1-0

[Event "La Roda op 34th"]
[Site "La Roda"]
[Date "2007.04.05"]
[Round "3"]
[White "Delgado Alarcon, Jesus Francisco"]
[Black "Kazakov, Mikhail"]
[Result "0-1"]
[WhiteElo "2100"]
[BlackElo "2415"]
[PlyCount "72"]
[EventDate "2007.04.04"]
[EventType "swiss"]
[EventRounds "9"]
[EventCountry "ESP"]
[SourceTitle "CBM 117 Extra"]
[Source "ChessBase"]
[SourceDate "2007.05.09"]
[SourceVersion "1"]
[SourceVersionDate "2007.05.09"]
[SourceQuality "1"]

1. d4 Nf6 2. c4 g6 3. Nc3 d5 4. e3 Bg7 5. Bd3 0-0 6. Nge2 c5 7. 0-0 cxd4 8. exd4 Nc6 9. Bf4 Bg4 10. f3 Be6 11. b3 dxc4 12. Bxc4 Nd5 13. Bxd5 Bxd5 14. Qd2 e6 15. Kh1 Rc8 16. Rac1 Ne7 17. Nb5 a6 18. Nd6 Rxc1 19. Rxc1 Bc6 20. Be5 Nf5 21. Bxg7 Nxg7 22. Ne4 Qh4 23. g3 Qe7 24. Kg2 Rd8 25. Qf4 f5 26. Nc5 g5 27. Qe3 g4 28. Ng1 Qd6 29. Kf2 Qxd4 30. Qxd4 Rxd4 31. Ke3 e5 32. Nxa6 f4+ 33. gxf4 Nf5+ 34. Kf2 gxf3 35. Nb8 Rd2+ 36. Ke1 Rxh2 0-1